Matemática divertida (Registo nº 901)

Detalhes MARC
000 -Etiqueta do registo
Cabeçalho 00747nam0a2200301 4500
005 - Identificador da versão
Campo de controlo 20240813121818.0
010 ## - Número internacional normalizado dos livros (ISBN)
Número (ISBN) 9728668007
021 ## - Número do Depósito Legal
Código do país PT
Número 161142/01
035 ## - Other System Control Numbers
System Control Number 0000963
System Control Number 0000948
100 ## - Dados gerais de processamento
Dados gerais de processamento 20090911d a y0pory5003 ba
102 ## - Pais de publicação ou produção
País de publicação Portugal
101 1# - Língua de publicação
Língua do texto, banda sonora, etc. Português
Língua do documento no original Inglês
106 ## - Campo de dados codificados: material textual
Dados codificados do material textual r
105 ## - Campo de dados codificados: livros
Dados codificados dos livros a z 001yy
215 ## - Descrição física 
Indicação específica da natureza do documento e extensão da espécie p. 32
Outras indicações físicas il.
200 1# - Titulo e menção de responsabilidade
Título próprio Matemática divertida
Primeira menção de responsabilidade Andrew King
Outras menções de responsabilidade trad. Maria de Fátima St. Aubyn
225 2# - Colecção 
Título próprio da colecção Matemática divertida
205 ## - Menção da edição
Menção da edição 1ª ed.
210 ## - Publicação, Distribuição, etc. 
Nome do editor, distribuidor, etc. ABZ Editores
304 ## - Notas relativas a título e menção de responsabilidade 
Texto da nota Tít. orig.: Maths for fun
675 ## - Classificação Decimal Universal (CDU)
Notação 51(053.5)
Edição BN
Língua da edição por
700 #1 - Nome de autor-pessoa física (responsabilidade principal)
Número de registo de entrada de autoridade 0001175
Palavra de ordem King
Outra parte do nome não tomada para palavra de ordem Andrew
942 ## - Elementos de entrada adicionados (Koha)
Tipo de item no Koha Livro
Exemplares
Situação do levantamento Origin of item (home branch) (coded) Biblioteca de empréstimo Código de barras Cota Circulation type (not for loan) Tipo de documento Nota do exemplar Damaged status
  Biblioteca Escolar Eng. Nuno Mergulhão Biblioteca Escolar Eng. Nuno Mergulhão BENM1622 51 KIN   Livro Sem mensagem  
  Biblioteca Escolar Eng. Nuno Mergulhão Biblioteca Escolar Eng. Nuno Mergulhão BENM1623 51 KIN   Livro Sem mensagem  
  Biblioteca Escolar Eng. Nuno Mergulhão Biblioteca Escolar Eng. Nuno Mergulhão BENM1624 51 KIN   Livro Sem mensagem  
  Biblioteca Escolar Eng. Nuno Mergulhão Biblioteca Escolar Eng. Nuno Mergulhão BENM1625 51 KIN   Livro Sem mensagem  
  Biblioteca Escolar Eng. Nuno Mergulhão Biblioteca Escolar Eng. Nuno Mergulhão BENM1626 51 KIN   Livro Sem mensagem  
  Biblioteca Escolar Eng. Nuno Mergulhão Biblioteca Escolar Eng. Nuno Mergulhão BENM1627 51 KIN   Livro Sem mensagem  
  Biblioteca Escolar Eng. Nuno Mergulhão Biblioteca Escolar Eng. Nuno Mergulhão BENM1628 51 KIN   Livro Sem mensagem  
  Biblioteca Escolar Eng. Nuno Mergulhão Biblioteca Escolar Eng. Nuno Mergulhão BENM1629 51 KIN   Livro Sem mensagem